World's Biggest Economies Quiz Stats

 Plays Quiz Updated Nov 27, 2017

Score 0/25 Timer 06:00
23 Plays Today
Rank Country % Correct
2United States of America
99.6%
1China
99.2%
5Germany
96.9%
9United Kingdom
96.8%
3India
96.5%
6Russia
95.8%
8Brazil
95.3%
4Japan
94.6%
10France
94.2%
16Spain
91.9%
12Italy
91.8%
17Canada
91.5%
11Mexico
91.3%
Rank Country % Correct
18Iran
81.3%
15Saudi Arabia
78.4%
14South Korea
77.8%
21Egypt
73%
7Indonesia
69.3%
13Turkey
68.6%
24Poland
67.2%
25Pakistan
67%
22Taiwan
65.8%
19Australia
61.2%
20Thailand
57.5%
23Nigeria
56.6%

You're not logged in!

Compare scores with friends on all Sporcle quizzes.
OR
Log In

Sporcle TV

Today on Sporcle TV


Watch our educational content, quiz creation guides, and fun videos on Sporcle TV.

Show Comments

Extras

Top Quizzes Today


Score Distribution

Your Account Isn't Verified!

In order to create a playlist on Sporcle, you need to verify the email address you used during registration. Go to your Sporcle Settings to finish the process.

Report this User

Report this user for behavior that violates our Community Guidelines.

Details: